[Event "100 years Romania 2018"]
[Site "Alba Iulia"]
[Date "2018.11.13"]
[Round "2"]
[White "Fedorov, Alexei"]
[Black "Banzea, Alexandru-Bogdan"]
[Result "1-0"]
[WhiteElo "2558"]
[BlackElo "2313"]
[Annotator "TA"]
[PlyCount "69"]
[EventDate "2018.11.12"]
[EventType "swiss"]
[EventCountry "ROU"]
[SourceTitle "playchess.com"]
[Source "ChessBase"]
[SourceQuality "1"]

{[%evp 29,69,56,53,20,26,33,132,112,105,119,158,108,148,148,139,89,123,107,166,163,214,178,305,209,182,174,182,169,160,123,492,498,509,507,497,491,485,504,492,479,396,223]} 1. e4 c5 2. Nc3 d6 3. f4 g6 4. Nf3 Bg7 5. d4 cxd4 6. Nxd4 Nc6 7. Nb3 Nf6 8. Be2 O-O 9. Be3 Be6 10. g4 d5 11. f5 Bc8 12. exd5 Nb4 13. Bf3 gxf5 14. a3 fxg4 {B72: Sicilian Dragon: 6 Be3, lines with h3+Bc4 and sidelines} 15. Bg2 Na6 {LiveBook: 17 Games} 16. Qd2 {[%mdl 1024] White has compensation.} Bf5 {The position is equal.} 17. O-O-O Qc8 $146 ({Black should try} 17... Nc7 $14) ({Predecessor:} 17... Qd7 18. Bh6 Bg6 19. Bxg7 Kxg7 20. Rhf1 Rad8 21. Qf2 Qd6 22. Nd4 {1-0 (36) Mujagic,R (2345)-Kovacevic,A (2345) Novi Sad 1992}) 18. Nd4 Bg6 19. Bh6 Nc5 20. h3 g3 21. Bxg7 Kxg7 22. Rde1 ({But not} 22. Qg5 $6 Qd8 $14) 22... Re8 23. Qg5 h6 (23... Qd7 $16) 24. Qxg3 $18 Kh7 (24... Nh5 $142 25. Qe5+ Kh7) 25. h4 Qb8 (25... e5 {keeps fighting.} 26. Rxe5 Qb8) 26. Qf3 Nh5 27. Bh3 Qf4+ 28. Qxf4 Nxf4 29. b4 Nxh3 $2 {[%mdl 8192]} (29... Ncd3+ $16 {is tougher.} 30. cxd3 Nxd3+ 31. Kd2 Nxe1) 30. Rxh3 e5 {[#]} 31. Ndb5 $1 ({Weaker is} 31. bxc5 exd4 32. Rxe8 Rxe8 $14) 31... Nd7 32. h5 Bf5 33. Rf3 Bg4 34. Rxf7+ Kg8 35. Rf2 {Precision: White = 73%, Black = 22%.} (35. Nd6 $142 Rf8 36. Re7) 1-0

[Event "100 years Romania 2018"]
[Site "Alba Iulia"]
[Date "2018.11.13"]
[Round "2"]
[White "Marin, Mihail"]
[Black "Pop, Alexandru"]
[Result "1-0"]
[WhiteElo "2555"]
[BlackElo "2274"]
[Annotator "TA"]
[PlyCount "47"]
[EventDate "2018.11.12"]
[EventType "swiss"]
[EventCountry "ROU"]
[SourceTitle "playchess.com"]
[Source "ChessBase"]
[SourceQuality "1"]

{[%evp 20,47,16,7,12,11,8,-82,11,0,0,-189,-179,-258,-265,-227,-43,-104,-1,-6,0,-9,0,-246,71,-114,29997,29998,29998,29999]} 1. Nf3 d5 2. g3 Nf6 3. Bg2 Bf5 4. c4 c6 5. cxd5 cxd5 6. Qb3 Nc6 {A11: English Opening: 1...c6} 7. Qxb7 Bd7 8. Qb3 Rb8 9. Qd1 e5 10. O-O e4 11. Ne1 $1 {LiveBook: 14 Games} h5 $1 12. d3 h4 13. dxe4 (13. Bf4 $11 {keeps the balance.}) (13. Bf4 hxg3 14. Bxg3 {½-½ (23) Artemiev,V (2697)-Petrosian,T (2589) Moscow 2018}) 13... dxe4 (13... hxg3 $17 14. hxg3 dxe4) 14. Nc3 hxg3 15. hxg3 $2 {[#]} (15. fxg3 $11 Ng4 16. Nxe4 (16. Qd5 Qb6+ 17. e3 Nce5 $15)) 15... Qa5 $146 {[%cal Ra5h5]} 16. Bf4 (16. Nxe4 {was worth a try.} Nxe4 17. Nf3) 16... Rxb2 ({Less strong is} 16... Qh5 17. g4 $17) 17. Rc1 Qf5 $2 (17... Bb4 $1 $19 {[%cal Rb4c3]} 18. Nxe4 Nxe4 19. Bxe4 Qh5) 18. Rb1 (18. e3 $15) 18... g5 (18... Rb4 $17 {aiming for ...g5.} 19. Nc2 Qh5 $1 {[%mdl 512]}) 19. Bc7 $1 $11 Rb4 {And now ...Rd4 would win.} 20. Nc2 $1 {[%cal Rc2b4]} Rc4 {Strongly threatening ...Qh7.} ({But not} 20... Rxb1 $6 21. Qxb1 Qh7 22. g4 $1 $14 {[%mdl 512]}) 21. Nb5 $2 (21. Qd2 $11 {and White has nothing to worry.} Qh7 22. g4 Nxg4 23. Ne3 Nxe3 24. fxe3) 21... Rc5 $2 (21... Qh7 $19 {[%csl Gh8][%cal Rh7h2]} 22. g4 Nxg4) 22. Nxa7 $2 (22. Ne3 $16 Qh7 {[#]} 23. g4 $1 {[%mdl 512]}) 22... Nxa7 $2 {[%mdl 8192]} (22... Qh7 $17 23. g4 Nd8) 23. Rb8+ Nc8 {[#]} 24. Rxc8+ $1 {[%mdl 512] Precision: White = 41%, Black = 20%.} 1-0

[Event "100 years Romania 2018"]
[Site "Alba Iulia"]
[Date "2018.11.13"]
[Round "2"]
[White "Levin, Evgeny A."]
[Black "Ciorgovean, Iustin"]
[Result "1/2-1/2"]
[WhiteElo "2523"]
[BlackElo "2201"]
[Annotator "TA"]
[PlyCount "49"]
[EventDate "2018.11.12"]
[EventType "swiss"]
[EventCountry "ROU"]
[SourceTitle "playchess.com"]
[Source "ChessBase"]
[SourceQuality "1"]

{[%evp 28,49,49,12,24,18,24,31,28,0,3,12,83,81,143,135,125,89,95,54,53,-27,-27,-67]} 1. d4 Nf6 2. c4 e6 3. Nf3 d5 4. Nc3 dxc4 5. e4 Bb4 6. Bg5 c5 7. Bxc4 cxd4 8. Nxd4 Bxc3+ 9. bxc3 Qa5 10. Bxf6 Qxc3+ 11. Kf1 gxf6 12. Bb5+ Nd7 13. h4 a6 14. Rh3 {D39: Queen's Gambit Declined: Ragozin Defence with 5 Bg5 dxc4} Qa5 (14... Qb4 15. Be2 Ne5 16. Rb1 Qd6 17. a4 Bd7 18. Rxb7 O-O 19. Rg3+ Kh8 20. Qa1 Rfb8 21. Rgb3 Rxb7 22. Rxb7 {½-½ (32) Jakovenko,D (2748)-Khismatullin,D (2634) Satka 2018}) 15. Be2 {[%mdl 1024] LiveBook: 53 Games. White has compensation.} O-O 16. Qc1 $146 {White has an edge.} ({Predecessor:} 16. Qc2 Qe5 17. Rd1 Kh8 18. Kg1 Qf4 19. Rc3 Qxh4 20. Nf3 Qh5 21. Rc7 {1-0 (29) Oikamo,T (2483)-Haugen,A (2536) ICCF email 2006}) 16... Kh8 $1 17. Qh6 Rg8 18. Bh5 Qe5 19. Rd1 Rg7 (19... Qxe4 $11 {keeps the balance.} 20. f3 Qe5) 20. Re3 $16 b6 {[#]} ({Avoid the trap} 20... Qh2 $2 21. Rg3 $1 $18 {[%mdl 512]}) ({Black should play} 20... f5) 21. Nf3 $1 {[%cal Rf3e5]} Qb5+ 22. Kg1 {Black must now prevent e5!} Bb7 23. Red3 Rd8 $1 24. Nd4 (24. Rd4 $14 Bc6 25. g3) 24... Qa4 $11 {aiming for ...Rdg8.} 25. Bf3 1/2-1/2

[Event "100 years Romania 2018"]
[Site "Alba Iulia"]
[Date "2018.11.12"]
[Round "2"]
[White "Moiseenko, Vadim"]
[Black "Scripcaru, George-Daniel"]
[Result "1-0"]
[WhiteElo "2491"]
[BlackElo "2176"]
[Annotator "TA"]
[PlyCount "77"]
[EventDate "2018.11.12"]
[EventType "swiss"]
[EventCountry "ROU"]
[SourceTitle "playchess.com"]
[Source "ChessBase"]
[SourceQuality "1"]

{[%evp 12,77,-31,-45,-8,-63,-68,-73,-16,-27,4,0,16,10,6,-26,-4,-21,-13,-5,0,-3,13,-4,0,-6,16,0,79,73,72,70,80,86,137,103,120,0,6,0,0,0,54,50,42,29,34,43,36,36,46,10,79,92,92,86,145,145,150,131,142,142,293,295,275,222,310,319]} 1. b3 e5 2. Bb2 Nc6 3. e3 Nf6 4. Bb5 Bd6 5. Na3 a6 (5... e4 6. Nc4 Be7 7. Bxc6 bxc6 8. Ne2 a5 9. O-O a4 10. d3 exd3 11. cxd3 axb3 12. axb3 Rxa1 13. Qxa1 {1-0 (27) Karjakin,S (2782)-Giri,A (2782) Leuven 2018}) 6. Be2 {A01: Nimzowitsch-Larsen Opening} Be7 7. Nc4 {LiveBook: 4 Games} d6 8. a4 ({White should try} 8. d3 $11) 8... O-O $15 9. d3 Be6 (9... e4 $17) 10. Nf3 $146 ({Predecessor:} 10. Bf3 Nd7 11. Bxc6 bxc6 12. Ne2 Nb6 13. O-O Nxc4 14. dxc4 {1-0 (37) Ayats Llobera,G (2246)-Perales Galindo,E (2185) Llinars del Valles 2017}) 10... h6 11. O-O Rb8 12. a5 e4 13. Nfd2 d5 14. Ne5 Nxe5 15. Bxe5 exd3 16. cxd3 Bd6 17. Bc3 c6 18. Ra4 c5 19. Qa1 d4 (19... Rc8 $11 {remains equal.}) 20. exd4 $16 Bd7 21. Ra2 Qc7 22. dxc5 Bxh2+ 23. Kh1 Rfe8 {[#]} 24. Bxf6 ({White should play} 24. Bf3 $1 $16 Be5 25. d4) 24... Rxe2 $11 25. Ne4 Rxa2 $1 26. Qxa2 {Strongly threatening Qb2.} Bf4 (26... Bc6 $11) 27. Qa1 $14 Bc6 {[#] ...Bxe4 is the strong threat.} ({But not} 27... gxf6 $2 28. Nxf6+ Kf8 29. Nxd7+ Kg8 30. Nf6+ Kf8 31. Re1 $18) 28. Bxg7 {Hoping for Nf6+.} Bxe4 $1 29. dxe4 {aiming for Bh8.} Qxc5 {( -> ...Qh5+)} 30. g3 $40 {[%mdl 128] White mounts an attack.} Re8 31. Qc3 (31. Bd4 {feels hotter.} Qh5+ 32. Kg1 Bd2 33. Qa4 Qb5 34. Qxb5 axb5 35. Rd1) 31... Qxc3 (31... Qh5+ $11 {keeps the balance.} 32. Kg1 Be5 33. Bxe5 Qxe5) 32. Bxc3 $11 {[%mdl 4096] Endgame KRB-KRB} Be5 33. Bd2 Bg7 (33... Bf6 $142) 34. Rc1 $16 Rxe4 35. Rc8+ Kh7 36. Rc7 Re2 $2 (36... Rd4 $16 {was called for.}) 37. Be3 $18 Ra2 38. b4 ({Resist} 38. Rxf7 $6 Kg6 $16) ({Less strong is} 38. Rxb7 Rxa5 39. Rxf7 Kg6 $16) 38... Kg6 39. Rxb7 {Precision: White = 60%, Black = 39%.} 1-0

[Event "100 years Romania 2018"]
[Site "Alba Iulia"]
[Date "2018.11.13"]
[Round "2"]
[White "Pisu, Robert-Daniel"]
[Black "Svetushkin, Dmitry"]
[Result "1-0"]
[WhiteElo "2236"]
[BlackElo "2605"]
[Annotator "TA"]
[PlyCount "79"]
[EventDate "2018.11.12"]
[EventType "swiss"]
[EventCountry "ROU"]
[SourceTitle "playchess.com"]
[Source "ChessBase"]
[SourceQuality "1"]

{[%evp 21,79,0,0,-40,31,9,69,68,92,60,88,71,103,98,146,153,157,147,145,146,171,162,167,164,188,150,149,166,163,124,129,120,325,309,312,157,397,320,294,256,273,214,210,106,186,139,190,173,189,165,710,733,726,726,719,703,679,628,479,140]} 1. d4 Nf6 2. c4 e6 3. Nc3 Bb4 4. Qc2 O-O 5. Nf3 c5 6. dxc5 Na6 7. g3 Nxc5 8. Bg2 Nfe4 {E39: Nimzoindisch (4.Dc2)} (8... b6 9. O-O Bb7 10. Nb5 Be4 11. Qd1 Nb7 12. Bf4 a6 13. Nd6 Nxd6 14. Bxd6 Bxd6 15. Qxd6 Qc8 16. Rac1 Qb7 {0-1 (41) Lenic,L (2656)-Iturrizaga Bonelli,E (2636) chess.com INT 2018}) 9. O-O Bxc3 10. bxc3 d6 11. Nd4 f5 {LiveBook: 3 Partien} 12. Rd1 Qe7 $146 (12... Bd7 $1 $15) ({Vorgänger:} 12... e5 13. f3 exd4 14. fxe4 Nxe4 15. Rxd4 Qa5 16. Bd2 {½-½ (43) Haugli,P (2303)-Ostmoe,G (2451) Norway 2012}) 13. Nb3 Rd8 (13... b6 $11) 14. Be3 $14 Qc7 15. f3 {[%cal Bf2f3,Bf3f4][%mdl 32]} Nxb3 16. axb3 Nc5 17. f4 Nd7 18. Qd3 Nc5 19. Bxc5 Qxc5+ 20. Qd4 Qc7 21. Rxa7 Rxa7 22. Qxa7 h6 23. Qd4 b6 24. e4 fxe4 25. Qxe4 b5 26. Qc6 Qa7+ $2 {[#]} (26... Qxc6 $16 27. Bxc6 bxc4) 27. c5 $1 $18 {[%cal Bc4c5,Bc5c6][%mdl 32]} d5 28. Qxb5 (28. b4 $18) 28... Qa2 $2 (28... Bd7 $16 29. Qb4 Rc8) 29. Qb6 Rf8 30. c6 Qc2 31. Qd4 {c4 ist eine echte Drohung.} Qxb3 {[#]} 32. Re1 (32. Bf1 $1 $18) 32... Qa3 (32... Qb5 $16 {ist wohl besser.}) 33. Qb4 Qa2 (33... Qa7+ $16 34. Qd4 Qa3) 34. Qc5 $36 {[%mdl 2048] Läuft bei Weiss.} Rf7 35. Bh3 Ra7 $2 (35... Qd2 36. Ra1 g5) 36. Qd6 {Weiß steht klar auf Gewinn.} Qd2 37. Bxe6+ Kh7 38. Qe5 Bxe6 39. Qxe6 Qxc3 {und die Idee ...Tc7 ließe Schwarz weiter hoffen.} 40. Qe3 $2 {Precision: Weiß = 43%, Schwarz = 35%.} (40. f5 $18 {ist der präzise Gewinnweg.} Ra8 41. Kg2) 1-0

[Event "100 years Romania 2018"]
[Site "Alba Iulia"]
[Date "2018.11.13"]
[Round "2"]
[White "Daianu, Cristian-Clement"]
[Black "Istratescu, Andrei"]
[Result "0-1"]
[WhiteElo "2160"]
[BlackElo "2565"]
[Annotator "TA"]
[PlyCount "130"]
[EventDate "2018.11.12"]
[EventType "swiss"]
[EventCountry "ROU"]
[SourceTitle "playchess.com"]
[Source "ChessBase"]
[SourceQuality "1"]

{[%evp 21,130,0,0,0,8,0,0,-24,-21,-18,-20,-48,-31,-68,-58,-58,-64,-57,-47,-49,-57,-54,-47,-50,-42,-42,-42,-42,-42,-42,-42,-42,-42,-42,-42,-44,-33,-65,-26,-36,0,0,0,-5,-8,-13,-10,-10,-10,-11,0,-8,-8,-8,-8,-16,0,0,-4,-44,-31,-62,-62,-62,-8,-62,-51,-43,-14,-13,-13,-13,-13,-13,-13,-13,-13,-13,-13,-13,-8,-8,-8,-8,-8,-87,-92,-7990,-11737,-7990,-3295,-29956,-29957,-29958,-29960,-29959,-29960,-29961,-29960,-29953,-29953,-29964,-29966,-29961,-29959,-29940,-12851,-12421,-11693,-5537,-5453]} 1. e4 c6 2. d4 d5 3. Nc3 dxe4 4. Nxe4 Bf5 5. Ng3 Bg6 6. N1e2 e6 7. Nf4 Bd6 8. c3 Nf6 9. h4 {B18: Classical Caro-Kann: 4...Bf5 sidelines} Bxf4 10. Bxf4 h6 11. Bc4 (11. a4 O-O 12. a5 Nd5 13. Bd2 Nd7 14. c4 N5f6 15. h5 Bh7 16. Bc3 c5 {1-0 (68) Ivanchuk,V (2726)-Artemiev,V (2691) Huaian 2017}) 11... Nbd7 {LiveBook: 14 Games} 12. Bb3 a5 $146 ({Predecessor:} 12... Qe7 13. h5 Bh7 14. O-O O-O 15. c4 Rfd8 16. Qe2 Nb6 17. Rad1 Rd7 18. Be5 Rad8 {½-½ (28) Warakomski,T (2473)-Bajerlein,D (2016) Poznan 2011}) 13. h5 Bh7 14. a4 Qb6 15. O-O O-O 16. Ra3 c5 17. Bc4 cxd4 18. Rb3 Qc5 19. Bb5 Qe7 20. Bxd7 Qxd7 21. Qxd4 Qxd4 22. cxd4 Nd5 23. Bd2 b6 24. Ne2 Bc2 25. Ra3 Rfc8 26. Nf4 Nf6 27. Rc1 Rc4 28. b3 Rc6 29. f3 Rac8 30. Kf2 Nd5 (30... R8c7 {looks sharper.} 31. d5 Nxd5 32. Nxd5 exd5 33. Be3 f6) 31. Nxd5 exd5 32. g4 f5 33. Kg3 fxg4 34. fxg4 Kh7 35. Kh4 Re6 36. b4 axb4 37. Bxb4 Rc4 $36 {[%mdl 2048] Threatens to win with ...Re4. Black fights for an advantage.} 38. Bd2 Re2 39. Be3 Rb4 40. Rf1 (40. Rca1 {is interesting.} Bxa4 41. Bxh6 b5 42. Be3 Bb3 43. Bc1) 40... Rxa4 41. Rxa4 Bxa4 $15 {[%mdl 4096] Endgame KRB-KRB} 42. Bf4 Bd7 (42... Re4 $15) 43. Be5 (43. Kg3 $11) 43... Be6 44. Kg3 Re4 (44... b5 {feels hotter.} 45. Bf4 Re4 46. Rb1 Rxd4 47. Rxb5 Rd3+) 45. Rf4 b5 {With the idea ...b4.} 46. Rxe4 dxe4 $11 {KB-KB} 47. Bd6 $1 e3 48. Bb4 g5 49. hxg6+ Kxg6 50. Kf3 Bd5+ 51. Kxe3 Kg5 52. Bf8 Be6 53. Kf3 (53. Ke4 $11 {keeps the balance.}) 53... Bxg4+ $17 54. Kg3 $2 {[%mdl 8192]} (54. Ke3 $17) 54... Be6 $19 55. Be7+ Kf5 56. Kh4 Bf7 $1 57. Bf8 h5 $1 58. d5 Ke5 59. d6 Ke6 60. Kg5 Kd7 61. Kh4 b4 {[%cal Bb5b4,Bb4b3][%mdl 32]} 62. Bg7 b3 63. Be5 Ke6 (63... Be8 $142 64. Kg5 Ke6 65. Kf4 h4 66. Bc3 Bh5 67. Be5 Kd7 68. Ke3 Ke6 69. Kd2 Bf3 70. Bf4 Ba8 71. Be5 Be4 72. Kc3 Bd5 73. Bh2 {[#]} Bc4 $1 {[%mdl 512]} 74. Be5 h3 75. Bg3 Kd7 76. Bf4 Be6 77. Bh2 Bd5 78. Bf4 Ke8 79. Kd3 Be6 80. Kd2 Kd8 81. Kc3 Kd7 82. Bg3 Bd5 83. Be5 Bc4 $1 {[%mdl 512]} 84. Bg3 Bf7 85. Bf4 Bd5 86. Be5 Bc4 $1 {[%mdl 512]} 87. Bg3 Bd5 88. Be5) 64. Kg5 Be8 ({Stronger than} 64... Kxe5 65. d7 $11) 65. Kf4 Bc6 {Precision: White = 54%, Black = 77%.} 0-1

[Event "100 years Romania 2018"]
[Site "Alba Iulia"]
[Date "2018.11.13"]
[Round "2"]
[White "Yugina, Maria"]
[Black "Manolache, Marius"]
[Result "0-1"]
[WhiteElo "2129"]
[BlackElo "2518"]
[Annotator "TA"]
[PlyCount "58"]
[EventDate "2018.11.12"]
[EventType "swiss"]
[EventCountry "ROU"]
[SourceTitle "playchess.com"]
[Source "ChessBase"]
[SourceQuality "1"]

{[%evp 12,58,35,41,31,20,31,31,28,19,25,19,43,5,8,-87,-94,-116,-102,-111,-127,-129,-127,-147,-96,-96,-99,-209,-197,-260,-225,-278,-195,-344,-351,-299,-265,-310,-301,-297,-287,-303,-285,-283,-285,-533,-519,-704,-635]} 1. d4 Nf6 2. Nf3 d6 3. c4 g6 4. Nc3 Bg7 5. Bg5 h6 6. Bh4 c6 {E61: King's Indian: Early deviations for White, including Smyslov System} (6... g5 7. Bg3 Nh5 8. e3 c5 9. d5 Nd7 10. Qc2 Nxg3 11. hxg3 Ne5 12. Be2 Nxf3+ 13. gxf3 Qa5 14. Kf1 Bd7 15. f4 gxf4 16. exf4 {½-½ (26) Svidler,P (2756)-Solak,D (2641) Khanty-Mansiysk 2017}) 7. e3 {LiveBook: 7 Games} a6 8. Rc1 $146 ({Predecessor:} 8. Be2 b5 9. O-O Nbd7 10. d5 b4 11. dxc6 bxc3 12. cxd7+ Bxd7 13. b3 O-O 14. Qc2 {0-1 (36) Dolezal,M (2260)-Boukal,P (2207) Czechia 2011}) 8... O-O {The position is equal.} 9. Be2 b5 {[%cal Bb7b5,Bb5b4][%mdl 32]} 10. O-O Nbd7 11. Qc2 Bb7 12. b4 a5 13. bxa5 (13. Rb1 $11 {remains equal.}) 13... b4 $17 14. a6 Rxa6 15. Qb3 Qa5 {[#] White must now prevent ...g5.} 16. Bxf6 Nxf6 17. Rc2 Ra7 ({Resist} 17... bxc3 18. Qxb7 Ra7 19. Qb3 $15) (17... Rb8 $142 18. Nb1 c5) 18. Nb1 c5 $36 {[%mdl 2048] Black has strong initiative.} 19. Nbd2 (19. a3 $17) 19... Bc6 {aiming for ...Ba4.} 20. Qb2 (20. Rb2 $142) 20... Rfa8 21. Ra1 Nd7 {[%cal Bf6d7,Bd7b6,Bb6a4][%mdl 32]} 22. Bd1 (22. Qb1 $142) 22... e5 $19 23. Nb3 Qc7 24. Rd2 exd4 25. exd4 Be4 26. Qc1 Nb6 27. Be2 Ra3 28. dxc5 $2 {[#]} (28. Ne1) 28... dxc5 29. Bd1 Na4 {Precision: White = 19%, Black = 60%.} 0-1

[Event "100 years Romania 2018"]
[Site "Alba Iulia"]
[Date "2018.11.13"]
[Round "2"]
[White "Paraschiv, Paul-Alexandru"]
[Black "Tilicheev, Viacheslav"]
[Result "0-1"]
[WhiteElo "2102"]
[BlackElo "2509"]
[Annotator "TA"]
[PlyCount "104"]
[EventDate "2018.11.12"]
[EventType "swiss"]
[EventCountry "ROU"]
[SourceTitle "playchess.com"]
[Source "ChessBase"]
[SourceQuality "1"]

{[%evp 9,104,-56,-55,-84,-84,-103,-88,-116,-73,-100,-61,-90,-54,-57,-72,-70,-62,-69,-80,-112,-32,-95,-89,-179,-165,-189,-141,-212,-224,-262,-209,-206,-206,-201,-196,-191,-204,-170,-171,-166,-133,-140,-133,-141,-140,-149,-132,-133,-143,-172,-166,-188,-189,-147,-155,-155,-155,-153,-121,-126,-107,-120,-104,-92,0,0,0,-8,0,0,0,0,0,0,0,-8,-8,-8,-8,-69,-8,-8,-8,-8,-8,-8,-8,-1375,-456,-2786,-2403,-1891,-1798,-1429,-3058,-2099,-2368]} 1. d4 Nf6 2. Nf3 c5 3. d5 b5 4. c4 e6 5. Qc2 bxc4 $1 {LiveBook: 3 Games} 6. dxe6 {E10: Blumenfeld Gambit} (6. e4 exd5 7. exd5 Nxd5 8. Bxc4 Nb4 9. Qe2+ Be7 10. a3 N4c6 11. Nc3 Na5 12. Bd5 Ba6 13. Qe5 {0-1 (44) Midoux,S (2343)-Chatalbashev,B (2545) Vaujany 2016}) 6... fxe6 (6... dxe6 7. e3 $11) 7. Qxc4 d5 8. Qc2 {Black is better.} Bd6 9. Nc3 $146 ({Predecessor:} 9. Bg5 O-O 10. Nc3 Bb7 11. e3 Nbd7 12. Bd3 h6 13. Bh4 {1-0 (48) Alcaraz Ortega,J (2248)-Machado Hernandez,J (2048) Almansa 2011}) 9... Bb7 10. e4 {Black must now prevent e5.} Nbd7 (10... Nxe4 11. Nxe4 dxe4 12. Ng5 $14) 11. exd5 exd5 {[%cal Be6d5,Bd5d4][%mdl 32]} 12. Bg5 O-O 13. O-O-O {White wants to play Nxd5!} Qb6 14. Bd3 h6 (14... d4 $17 15. Na4 Qc7) 15. h4 (15. Bh4 $15) 15... Rab8 $17 16. Bf5 (16. Kb1 $17 {was called for.}) 16... d4 $36 {[%mdl 2048] Black is on the roll.} (16... hxg5 17. hxg5 Bf4+ 18. Kb1 $16) 17. Na4 Qc7 18. Bxf6 (18. b3 $17) 18... Nxf6 19. Ng5 Rfe8 ({Less strong is} 19... hxg5 20. hxg5 Rbe8 21. gxf6 $15) (19... Bxg2 20. Ne6 $17) 20. Ne6 Qa5 $1 21. Nexc5 Bxc5 ({Don't do} 21... Bxg2 22. Rhg1 $17) 22. Nxc5 Rbc8 ({Much less strong is} 22... Bxg2 23. Rhg1 $17) (22... Qxa2 23. Rxd4 Bxg2 24. Rg1 $17) 23. Bxc8 Rxc8 24. Rxd4 {Strongly threatening b4.} Rxc5 25. Rc4 {[#]} Rxc4 $1 26. Qxc4+ Bd5 27. Qc8+ Kh7 {[%mdl 1024] Black has strong compensation.} 28. f3 Qxa2 {...Qa1+ is the strong threat.} 29. Qc2+ {[#]} Kh8 $1 30. Re1 Bg8 31. g4 Nd5 32. Re8 Qa1+ 33. Kd2 Qa5+ 34. Kd1 Qb5 35. Qe2 Qb3+ 36. Ke1 Nf4 ({Better is} 36... Nf6 $17 37. Rc8 Qb7) 37. Qe4 $11 Nd3+ 38. Ke2 Nxb2 39. Kf2 a5 {[%cal Ba7a5,Ba5a4,Ba4a3][%mdl 32]} 40. g5 a4 41. Kg2 {Threatens to win with gxh6.} Qc4 {aiming for ...Qxe4.} (41... Nd1 {with more complications.} 42. gxh6 Qb2+ 43. Kg3 gxh6 44. Qe6 Qg7+) 42. Qxc4 (42. Qf5 {looks sharper.} Nd3 43. gxh6 Qc2+ 44. Kg3 Qf2+ 45. Kh3) 42... Nxc4 43. Ra8 a3 44. Kf2 (44. Kg3 $11) 44... hxg5 (44... g6 $1 $15) 45. hxg5 g6 46. Ra7 Be6 47. Ra6 Bf5 {Hoping for ...Bb1.} 48. Ke2 $2 {[%mdl 8192]} (48. Ra4 $11 Be6 49. f4) 48... Bc2 (48... Bb1 $142 49. Ra4 a2) 49. Rc6 (49. Ra8+ $142 Kg7 50. Ra7+ Kf8 51. f4) 49... a2 $19 50. Ra6 Bb1 51. Ra7 Ne5 52. Ra4 Nc6 {Precision: White = 48%, Black = 57%.} 0-1

[Event "100 years Romania 2018"]
[Site "Alba Iulia"]
[Date "2018.11.12"]
[Round "2"]
[White "Cordea, David"]
[Black "Visakh N R"]
[Result "1/2-1/2"]
[WhiteElo "2022"]
[BlackElo "2489"]
[Annotator "TA"]
[PlyCount "81"]
[EventDate "2018.11.12"]
[EventType "swiss"]
[EventCountry "ROU"]
[SourceTitle "playchess.com"]
[Source "ChessBase"]
[SourceQuality "1"]

{[%evp 25,81,0,23,0,0,0,0,-2,-5,-12,3,0,0,0,22,0,85,79,82,42,29,46,147,175,166,31,102,100,332,289,287,279,276,256,264,256,250,241,234,156,156,156,156,156,156,156,156,115,115,115,115,115,115,0,115,0,110,0]} 1. c4 e6 2. d4 Nf6 3. Nf3 d5 4. Nc3 Bb4 5. e3 O-O 6. a3 Bxc3+ 7. bxc3 c5 8. Be2 dxc4 9. Bxc4 Qc7 10. Ba2 b6 11. O-O Bb7 12. Bb2 Nbd7 13. Qe2 e5 {LiveBook: 3 Games} 14. Nxe5 {E53: Nimzo-Indian: Rubinstein: Main Line (4...0-0 5 Nf3 d5 6 Bd3 c5 7 0-0)} Nxe5 15. dxe5 Qxe5 16. c4 {The position is equal.} Qe6 17. f3 Ne8 $146 ({Predecessor:} 17... Rfd8 18. e4 Ne8 19. Rad1 Nd6 20. Rd2 f6 21. e5 fxe5 {½-½ (30) Ibragimov,I (2548)-Terrieux,K (2425) Sitges 2014}) 18. e4 Nd6 19. Qc2 Rfd8 20. Rac1 (20. a4 {is more complex.} Ne8 21. a5 Nc7 22. Qb3 Qh6 23. Rad1) 20... f6 (20... Rd7 $11 {keeps the balance.}) 21. Bb1 $1 $36 {[%mdl 2048] And now e5 would win. White has strong initiative.} g6 22. h4 Rd7 23. h5 gxh5 {[#]} ({Better is} 23... Rad8 $14) 24. e5 $1 {[%cal Re5d6][%mdl 512]} fxe5 {[#]} 25. Rfe1 ({Only move:} 25. Rce1 $1 $18) 25... Re8 (25... e4 $1 $14) 26. Rxe5 Qxe5 $2 (26... Qh6 $16 {might work better.} 27. Qc3 Rde7) 27. Bxe5 $18 Rxe5 28. Rd1 Re6 29. Qf2 {Threatens to win with Bf5!} Rg7 30. Kh1 Bc6 31. Re1 Bd7 32. Be4 Nxe4 33. Rxe4 Rxe4 34. fxe4 $16 {[%mdl 4096] Endgame KQ-KRB} Rg6 35. Qf4 {[%mdl 1024] White has strong compensation.} a5 36. Qe5 {Black must now prevent Qd5+.} Bg4 37. Qe8+ Kg7 38. Qe7+ Kg8 39. Qe8+ Kg7 40. Qe5+ Kg8 41. Qe8+ {Precision: White = 49%, Black = 41%.} (41. Kg1 $16) 1/2-1/2